000 00585nmm a2200193Ia 4500
008 251105s9999||||xx |||||||||||||||||und||
020 _a9562822141
041 _aspa
100 _aSoto, Hernán
245 0 _aArchivos secretos :
_b Documentos desclasificados de la CIA
264 _a[Santiago de Chile, Chile] :
_bLOM Ediciones,
_c1999
300 _a206 páginas
490 _aSeptiembre
650 _aHistory of the Americas: Latin America
700 _aSoto, Hernán
700 1 _a Villegas, Sergio
856 _uhttps://public.digitaliapublishing.com/a/13014
942 _cCF
999 _c71639
_d71639